[Event "Satka Autumn 2017"]
[Site "Satka"]
[Date "2017.09.14"]
[Round "3"]
[White "Vinokur, Yuliya"]
[Black "Mukhina, Jana"]
[Result "1-0"]
[WhiteElo "2086"]
[BlackElo "1923"]
[Annotator "NA RC"]
[PlyCount "137"]
[EventDate "2017.??.??"]
[EventType "swiss"]
[EventCountry "RUS"]
[SourceTitle "playchess.com"]
[Source "ChessBase"]
[SourceQuality "1"]
[TimeControl "5400+30"]

1. Nf3 {[%emt 0:00:00]} Nf6 {[%emt 0:00:09]} 2. g3 {[%emt 0:00:00]} b5 {[%emt 0:00:38]} 3. Bg2 {[%emt 0:01:05]} Bb7 {[%emt 0:00:09]} 4. O-O {[%emt 0:01:29]} e6 {[%emt 0:00:33]} 5. b3 {[%emt 0:02:50]} Be7 {[%emt 0:06:33]} 6. c4 {[%emt 0:03:12]} b4 {[%emt 0:02:06] A05: Übergänge in verschiedene Eröffnungen} (6... a6 7. Bb2 O-O 8. Na3 c6 9. d4 d6 10. Nd2 Ra7 11. e4 Nbd7 12. Nc2 e5 13. Re1 Re8 14. a4 Ra8 15. b4 exd4 16. Bxd4 {1-0 (48) Malakhov,V (2702)-Sjugirov,S (2670) Sochi 2015}) 7. Bb2 {[%emt 0:02:49]} O-O {[%emt 0:03:15]} 8. d4 {[%emt 0:03:01]} d6 {[%emt 0:01:38]} 9. Nbd2 {[%emt 0:05:52]} Nbd7 {[%emt 0:05:29] LiveBook: 4 Games} 10. Qc2 {[%emt 0:04:56]} c5 {[%emt 0:01:00]} 11. e4 {[%emt 0:02:39]} cxd4 $1 {[%emt 0:01:41]} 12. Nxd4 {[%emt 0:00:48]} Qb6 {[%emt 0:02:51]} 13. Rfe1 {[%emt 0:04:05]} Rfd8 $146 {[%emt 0:10:39]} ({Vorgänger:} 13... Rac8 14. N4f3 {1-0 (55) Jimenez,J (2181)-Mateus,A (2274) Bogota 2014}) 14. Rad1 {[%emt 0:04:51]} Rac8 {[%emt 0:11:55]} 15. Nf1 $1 {[%emt 0:07:47]} Bf8 {[%emt 0:10:51]} 16. Ne3 {[%emt 0:09:18]} Nc5 {[%emt 0:01:58]} 17. f3 {[%emt 0:05:08]} a6 {[%emt 0:11:48]} 18. Qf2 {[%emt 0:03:50]} Nfd7 {[%emt 0:01:45]} 19. Rd2 {[%emt 0:02:16]} a5 {[%emt 0:05:27]} 20. Red1 {[%emt 0:03:42]} a4 {[%emt 0:01:12]} 21. bxa4 {[%emt 0:11:09]} Nxa4 {[%emt 0:00:17]} 22. Bf1 {[%emt 0:00:05]} Ndc5 {[%emt 0:02:09]} 23. Nb5 {[%emt 0:01:50]} Bxe4 {[%emt 0:04:57]} 24. fxe4 {[%emt 0:07:24]} Nxe4 {[%emt 0:00:08]} 25. Qe2 {[%emt 0:00:03]} Nxd2 {[%emt 0:00:17]} 26. Bd4 {[%emt 0:00:20]} Nc5 {[%emt 0:05:31]} 27. Qxd2 {[%emt 0:02:39]} Ra8 {[%emt 0:02:24]} 28. Ng4 {[%emt 0:00:54]} e5 {[%emt 0:01:23]} 29. Bf2 {[%emt 0:00:51]} h5 {[%emt 0:01:13]} 30. Ne3 {[%emt 0:01:44]} Ne4 {[%emt 0:00:17]} 31. Qc2 {[%emt 0:01:10]} Nxf2 {[%emt 0:00:33]} 32. Qxf2 {[%emt 0:00:02] [#]} d5 $1 {[%emt 0:01:05]} 33. Nxd5 {[%emt 0:02:51]} ({Viel schwächer wäre} 33. Rxd5 Rxd5 34. Nxd5 Qxf2+ 35. Kxf2 Rxa2+ 36. Be2 b3 $19) 33... Qxf2+ {[%emt 0:00:37]} 34. Kxf2 {[%emt 0:00:01]} Rxa2+ {[%emt 0:00:15]} 35. Kf3 {[%emt 0:00:58]} Rc8 {[%emt 0:01:21]} 36. Rb1 {[%emt 0:02:08]} Rxh2 {[%emt 0:02:39]} 37. Nxb4 {[%emt 0:00:42]} f5 {[%emt 0:00:31]} 38. Ke3 {[%emt 0:03:02]} Bc5+ {[%emt 0:00:32]} 39. Kd3 {[%emt 0:00:10]} e4+ {[%emt 0:00:53]} 40. Kc3 {[%emt 0:00:06]} Rf2 {[%emt 0:01:00]} 41. Nd4 {[%emt 0:01:13]} e3 {[%emt 0:00:45]} 42. Bd3 {[%emt 0:00:34]} g6 {[%emt 0:00:30]} 43. Re1 {[%emt 0:01:11]} Re8 {[%emt 0:00:30]} 44. Nd5 {[%emt 0:00:19]} Kg7 {[%emt 0:00:32]} 45. Nxe3 {[%emt 0:00:41]} Bxd4+ {[%emt 0:00:29]} 46. Kxd4 {[%emt 0:00:03]} Kf8 {[%emt 0:00:32]} 47. Rb1 {[%emt 0:00:59]} Rf3 {[%emt 0:00:25]} 48. Nd5 {[%emt 0:00:02]} Rxg3 {[%emt 0:00:23]} 49. Rb7 {[%emt 0:00:16]} Rd8 {[%emt 0:00:27]} 50. Kc3 {[%emt 0:01:03]} Ra8 {[%emt 0:00:37]} 51. Kd4 {[%emt 0:00:37]} Ra3 {[%emt 0:00:17]} 52. Bc2 {[%emt 0:00:37]} Ra2 {[%emt 0:00:36]} 53. Bb1 {[%emt 0:00:13]} Re2 {[%emt 0:00:37]} 54. c5 {[%emt 0:00:27]} Rg4+ {[%emt 0:00:36]} 55. Kd3 {[%emt 0:00:36]} (55. Kc3 $5 {[%cal Rc5c6]} Re6 56. Rb6 Rg3+ 57. Bd3 $14) 55... Re5 $2 {[%emt 0:00:24]} (55... Ree4 $11 56. Rb8+ Kg7) 56. Nf6 {[%emt 0:00:22]} Rg3+ {[%emt 0:00:34]} 57. Kd4 {[%emt 0:00:00]} Re6 {[%emt 0:00:21]} 58. Nd7+ {[%emt 0:00:36]} Ke8 $2 {[%emt 0:00:22]} (58... Ke7 {was worth a try.} 59. Ne5+ Kf6) 59. Ne5 {[%emt 0:00:06]} h4 {[%emt 0:00:47]} 60. Ba2 {[%emt 0:00:37]} Ra6 {[%emt 0:00:30]} 61. Bc4 {[%emt 0:00:13]} Ra1 {[%emt 0:00:35]} 62. Kd5 {[%emt 0:00:31]} Re3 {[%emt 0:00:26]} 63. Ke6 {[%emt 0:00:36]} (63. Kd6 $142 Rd1+ 64. Bd5 Rxd5+ 65. Kxd5) 63... Rxe5+ {[%emt 0:00:28]} 64. Kxe5 {[%emt 0:00:01]} Kd8 {[%emt 0:00:20]} 65. Rh7 {[%emt 0:01:07]} Rc1 {[%emt 0:00:39]} 66. Kd6 {[%emt 0:00:18]} Kc8 {[%emt 0:00:17]} 67. Be6+ {[%emt 0:00:51]} Kb8 {[%emt 0:00:04]} 68. Rxh4 {[%emt 0:00:07]} Rd1+ {[%emt 0:01:14]} 69. Bd5 {[%emt 0:00:38]} 1-0

[Event "Satka Autumn 2017"]
[Site "Satka"]
[Date "2017.09.14"]
[Round "3"]
[White "Nosacheva, Mariya"]
[Black "Simakova, Elena"]
[Result "1-0"]
[WhiteElo "2077"]
[BlackElo "1951"]
[Annotator "NA RC"]
[PlyCount "75"]
[EventDate "2017.??.??"]
[EventType "swiss"]
[EventCountry "RUS"]
[SourceTitle "playchess.com"]
[Source "ChessBase"]
[SourceQuality "1"]
[TimeControl "5400+30"]

1. e4 {[%emt 0:00:00]} c5 {[%emt 0:00:04]} 2. Nf3 {[%emt 0:00:00]} Nc6 {[%emt 0:00:04]} 3. d4 {[%emt 0:00:00]} cxd4 {[%emt 0:00:04]} 4. Nxd4 {[%emt 0:00:00]} g6 {[%emt 0:00:07]} 5. Nc3 {[%emt 0:00:03]} Bg7 {[%emt 0:00:10]} 6. Be3 {[%emt 0:00:10]} d6 {[%emt 0:02:40]} 7. Qd2 {[%emt 0:01:46]} Nf6 {[%emt 0:02:18]} 8. f3 {[%emt 0:01:42]} Bd7 {[%emt 0:05:28]} 9. O-O-O {[%emt 0:02:45] LiveBook: 226 Games} Rc8 {[%emt 0:08:23]} 10. Kb1 {[%emt 0:00:15]} Qa5 {[%emt 0:04:00] B75: Sicilian Dragon: Yugoslav Attack, Miscellaneous} 11. g4 {[%emt 0:01:05]} Ne5 {[%emt 0:02:22]} 12. h4 {[%emt 0:03:29]} a6 {[%emt 0:05:43]} (12... Be6 $142) (12... Rxc3 13. Qxc3 Qxc3 14. bxc3 Nxf3 15. Nxf3 Bxg4 16. Bb5+ Kf8 17. Nd2 a6 18. Bc4 Bxd1 19. Rxd1 {½-½ (80) Efimenko,Z (2648)-Nakamura,H (2775) Dubai 2014}) 13. h5 {[%emt 0:05:16]} b5 $146 {[%emt 0:13:10]} ({Predecessor:} 13... O-O 14. Nd5 Qxd2 15. Nxe7+ Kh8 16. Rxd2 Rce8 17. h6 Rxe7 18. hxg7+ Kxg7 19. Bh6+ {1-0 (35) Schaefer,P (1882)-Sievers,A Korbach 2007}) 14. h6 {[%emt 0:02:49]} Bf8 {[%emt 0:02:44]} 15. Bg5 {[%emt 0:07:05]} b4 {[%emt 0:04:03]} 16. Nce2 {[%emt 0:00:56]} Nc4 {[%emt 0:01:05]} 17. Qc1 {[%emt 0:00:45]} Qc5 {[%emt 0:16:13]} (17... Ng8 $16 {keeps fighting.}) 18. Bxf6 {[%emt 0:15:43]} exf6 {[%emt 0:00:06]} 19. Nf4 {[%emt 0:00:27]} Be7 {[%emt 0:03:34]} 20. Nd5 {[%emt 0:00:23]} Be6 {[%emt 0:00:50]} 21. Bxc4 {[%emt 0:00:22]} Qxc4 {[%emt 0:01:37]} 22. Nxe6 {[%emt 0:00:06]} fxe6 {[%emt 0:00:11]} 23. Nb6 {[%emt 0:00:11]} Qc5 {[%emt 0:00:30]} 24. Nxc8 {[%emt 0:00:08]} Qxc8 {[%emt 0:00:06]} 25. Qe3 {[%emt 0:01:31]} Qb7 {[%emt 0:01:53]} 26. f4 {[%emt 0:04:02]} Kd7 {[%emt 0:14:59]} 27. Rhf1 {[%emt 0:12:00]} Re8 {[%emt 0:06:22]} 28. e5 {[%emt 0:12:34]} d5 {[%emt 0:00:43]} 29. f5 {[%emt 0:01:02]} gxf5 {[%emt 0:03:13]} 30. gxf5 {[%emt 0:00:31]} Bd8 {[%emt 0:00:32]} 31. Qd4 {[%emt 0:07:44]} exf5 $18 {[%emt 0:01:34]} 32. exf6 {[%emt 0:01:30]} Re4 {[%emt 0:01:04]} 33. Qxd5+ {[%emt 0:05:16]} Qxd5 {[%emt 0:00:05]} 34. Rxd5+ {[%emt 0:00:05]} Kc7 {[%emt 0:00:55]} 35. Rdxf5 {[%emt 0:00:32]} Re8 {[%emt 0:00:18]} 36. f7 {[%emt 0:00:17]} Rf8 {[%emt 0:00:03]} 37. Re5 {[%emt 0:01:28]} Kd7 {[%emt 0:00:34]} 38. Rd1+ {[%emt 0:00:13] Kd6 Red5+ Kxd5} 1-0

[Event "Satka Autumn 2017"]
[Site "Satka"]
[Date "2017.09.14"]
[Round "3"]
[White "Pogorelskikh, Sofia"]
[Black "Nasybullina, Dayana"]
[Result "1/2-1/2"]
[WhiteElo "2023"]
[BlackElo "1724"]
[Annotator "NA RC"]
[PlyCount "141"]
[EventDate "2017.??.??"]
[EventType "swiss"]
[EventCountry "RUS"]
[SourceTitle "playchess.com"]
[Source "ChessBase"]
[SourceQuality "1"]
[TimeControl "5400+30"]

1. e4 {[%emt 0:00:00]} c5 {[%emt 0:00:40]} 2. Nf3 {[%emt 0:00:00]} e6 {[%emt 0:00:00]} 3. d4 {[%emt 0:00:00]} cxd4 {[%emt 0:00:00]} 4. Nxd4 {[%emt 0:00:08]} Nf6 {[%emt 0:00:00]} 5. Nc3 {[%emt 0:02:22]} d6 {[%emt 0:00:06]} 6. Be2 {[%emt 0:07:12]} Be7 {[%emt 0:01:42]} 7. Be3 {[%emt 0:01:27]} O-O {[%emt 0:01:21]} 8. O-O {[%emt 0:01:53]} Nc6 {[%emt 0:01:30]} 9. f4 {[%emt 0:04:23]} Re8 {[%emt 0:08:26] LiveBook: 8 Games B83: Sicilian Scheveningen: 6 Be2, lines without ...a6} (9... Bd7 10. Qd2 Nxd4 11. Bxd4 Bc6 12. Bf3 b5 13. e5 dxe5 14. fxe5 Nd5 15. Ne4 b4 16. c4 bxc3 17. bxc3 Rc8 18. Qf2 Bh4 19. Qd2 Be7 20. Qf2 Bh4 21. Qd2 Be7 {½-½ (21) Al Sayed,M (2508)-Salem,A (2638) Biel 2017}) 10. Qd2 {[%emt 0:02:23]} a6 {[%emt 0:04:25]} 11. Bf3 {[%emt 0:02:25]} Qc7 {[%emt 0:02:44]} 12. Rad1 {[%emt 0:04:31]} e5 $146 {[%emt 0:15:11]} ({Predecessor:} 12... Nxd4 13. Qxd4 e5 14. fxe5 dxe5 15. Qb6 Qxb6 16. Bxb6 Be6 17. Nd5 Rac8 18. c3 Nd7 {½-½ (26) Faber,H (2504)-Buettner,F (2445) Remote email 2013}) 13. Nxc6 {[%emt 0:03:00]} bxc6 {[%emt 0:00:31]} 14. fxe5 {[%emt 0:03:57]} dxe5 {[%emt 0:00:33]} 15. Na4 {[%emt 0:03:04]} Rb8 {[%emt 0:03:10]} 16. b3 {[%emt 0:01:42]} Ng4 {[%emt 0:12:23]} 17. Bxg4 {[%emt 0:04:52]} Bxg4 {[%emt 0:02:01]} 18. Rde1 {[%emt 0:03:18]} Be6 {[%emt 0:13:58]} 19. Qf2 {[%emt 0:05:42]} f6 {[%emt 0:10:50]} 20. Rd1 {[%emt 0:06:58]} Rb4 {[%emt 0:06:57]} 21. Bb6 {[%emt 0:12:06]} Qb7 {[%emt 0:03:48]} 22. Rfe1 {[%emt 0:05:59]} c5 {[%emt 0:05:10]} 23. Bxc5 {[%emt 0:01:27]} Rxe4 {[%emt 0:01:08]} 24. Rxe4 {[%emt 0:01:19]} Qxe4 {[%emt 0:00:05]} 25. Bxe7 {[%emt 0:01:16]} Rxe7 {[%emt 0:00:18]} 26. Nc5 {[%emt 0:01:30]} Qc6 {[%emt 0:00:45]} 27. Nxe6 {[%emt 0:00:30]} Rxe6 {[%emt 0:01:39]} 28. Qa7 {[%emt 0:03:52]} h6 {[%emt 0:03:42]} (28... Re8 $14) 29. c4 {[%emt 0:02:33]} Qe4 {[%emt 0:01:01]} 30. Qd7 {[%emt 0:02:11]} Qe3+ {[%emt 0:00:47]} 31. Kh1 {[%emt 0:00:15]} Rb6 {[%emt 0:00:15]} 32. h3 {[%emt 0:02:03]} Qf2 {[%emt 0:00:25]} 33. Qd5+ {[%emt 0:00:59]} (33. Qd3 $5 {[%cal Rd3g6]} Kh8 34. Rd2 $14) 33... Kh8 {[%emt 0:00:32]} (33... Kh7 $14) 34. c5 {[%emt 0:01:48]} Rb4 {[%emt 0:00:44]} 35. a3 $2 {[%emt 0:04:23]} (35. c6 $18 Rd4 {[#]} 36. c7 $1 {[%mdl 512]} Rxd5 37. c8=Q+ Kh7 38. Rxd5) 35... Rd4 {[%emt 0:00:17]} 36. Rxd4 {[%emt 0:00:36]} exd4 {[%emt 0:00:06]} 37. Qa8+ {[%emt 0:00:15]} Kh7 {[%emt 0:00:17]} 38. Qe4+ {[%emt 0:01:44]} f5 {[%emt 0:00:58]} 39. Qd5 {[%emt 0:01:04]} Qf1+ {[%emt 0:00:31]} 40. Kh2 {[%emt 0:00:07]} d3 {[%emt 0:00:21]} 41. Qd4 {[%emt 0:03:14]} Qe2 {[%emt 0:00:44]} 42. c6 {[%emt 0:00:14]} d2 {[%emt 0:00:31]} 43. c7 {[%emt 0:00:08]} d1=Q {[%emt 0:00:16]} 44. Qxd1 {[%emt 0:00:10]} Qxd1 {[%emt 0:00:24]} 45. c8=Q {[%emt 0:00:06]} Qd6+ {[%emt 0:00:08]} 46. Kg1 {[%emt 0:00:08]} Qd4+ {[%emt 0:00:53]} 47. Kf1 {[%emt 0:00:21]} Qa1+ {[%emt 0:00:23]} 48. Kf2 {[%emt 0:02:16]} Qb2+ {[%emt 0:00:57]} 49. Kg1 {[%emt 0:01:08]} Qd4+ {[%emt 0:00:31]} 50. Kf1 {[%emt 0:00:21]} Qa1+ {[%emt 0:00:10]} 51. Ke2 {[%emt 0:00:27]} Qb2+ {[%emt 0:00:22]} 52. Ke1 {[%emt 0:00:37]} Qxa3 {[%emt 0:01:11]} 53. Qxf5+ {[%emt 0:00:11]} Kh8 {[%emt 0:00:10]} 54. Qc8+ {[%emt 0:00:28]} Kh7 {[%emt 0:00:09]} 55. Qc2+ {[%emt 0:00:13]} Kh8 {[%emt 0:00:18]} 56. Kf2 {[%emt 0:01:02]} Kg8 {[%emt 0:00:55]} 57. Ke3 {[%emt 0:00:41]} Qe7+ {[%emt 0:00:23]} 58. Kd3 {[%emt 0:00:33]} Qd6+ {[%emt 0:00:19]} 59. Ke2 {[%emt 0:00:47]} Qe5+ {[%emt 0:00:36]} 60. Kd2 {[%emt 0:00:20]} Qf4+ {[%emt 0:00:38]} 61. Kc3 {[%emt 0:00:15]} Qc7+ {[%emt 0:00:51]} 62. Kb2 {[%emt 0:00:07]} Qe5+ $11 {[%emt 0:00:50]} 63. Ka2 {[%emt 0:01:18]} Qa5+ {[%emt 0:00:11]} 64. Kb1 {[%emt 0:00:35]} Qe1+ {[%emt 0:00:12]} 65. Kb2 {[%emt 0:00:15]} Qe5+ {[%emt 0:00:08]} 66. Qc3 {[%emt 0:00:09]} Qe2+ {[%emt 0:00:38]} 67. Qc2 {[%emt 0:00:55]} Qe5+ {[%emt 0:00:10]} 68. Kc1 {[%emt 0:00:12]} Qe1+ $11 {[%emt 0:00:16]} 69. Qd1 {[%emt 0:00:58]} Qxd1+ {[%emt 0:01:16]} 70. Kxd1 {[%emt 0:00:04]} Kf7 {[%emt 0:00:05]} 71. Kd2 {[%emt 0:00:12]} 1/2-1/2

[Event "Satka Autumn 2017"]
[Site "Satka"]
[Date "2017.09.14"]
[Round "3"]
[White "Matsenko, Elena"]
[Black "Nasybullina, Alfia"]
[Result "1-0"]
[WhiteElo "1927"]
[BlackElo "2045"]
[Annotator "NA RC"]
[PlyCount "123"]
[EventDate "2017.??.??"]
[EventType "swiss"]
[EventCountry "RUS"]
[SourceTitle "playchess.com"]
[Source "ChessBase"]
[SourceQuality "1"]
[TimeControl "5400+30"]

1. c4 {[%emt 0:00:00]} e5 {[%emt 0:00:09]} 2. g3 {[%emt 0:00:10]} g6 {[%emt 0:00:31]} 3. Bg2 {[%emt 0:00:09]} Bg7 {[%emt 0:00:05]} 4. e3 {[%emt 0:00:33] A20: English Opening: 1...e5} d6 {[%emt 0:00:07]} 5. Ne2 {[%emt 0:00:30] LiveBook: 3 Games} h5 {[%emt 0:00:44]} 6. Nbc3 {[%emt 0:02:01]} h4 {[%emt 0:00:09]} 7. d4 {[%emt 0:01:15]} Nd7 $146 {[%emt 0:01:24]} ({Predecessor:} 7... Nh6 8. e4 Bg4 9. Qd3 Nd7 10. d5 Nc5 11. Qe3 {0-1 (19) Sokolov,I (2580)-Tseshkovsky,V (2520) Wijk aan Zee 1989}) 8. b3 {[%emt 0:01:47]} Ne7 {[%emt 0:08:55]} 9. Bb2 {[%emt 0:00:47]} f5 {[%emt 0:02:13]} 10. Qd2 {[%emt 0:02:57]} h3 {[%emt 0:00:53]} 11. Bf1 {[%emt 0:00:07]} b5 {[%emt 0:05:05]} 12. Nxb5 {[%emt 0:03:17]} Bb7 {[%emt 0:07:56]} 13. d5 {[%emt 0:02:45]} a6 {[%emt 0:01:28]} 14. Nbc3 {[%emt 0:00:05]} c6 $1 {[%emt 0:01:52]} 15. Ng1 {[%emt 0:02:48]} Nf6 {[%emt 0:10:17]} 16. Bxh3 {[%emt 0:08:29]} cxd5 {[%emt 0:01:00]} 17. Bg2 {[%emt 0:00:28]} O-O {[%emt 0:08:55]} 18. Nge2 {[%emt 0:02:16]} e4 {[%emt 0:04:55]} 19. Nxd5 {[%emt 0:01:27]} Nfxd5 {[%emt 0:03:00]} 20. Bxg7 {[%emt 0:01:40]} Nxe3 {[%emt 0:03:02]} 21. Qxe3 {[%emt 0:04:04]} Kxg7 {[%emt 0:00:10]} 22. O-O {[%emt 0:00:31]} Qd7 {[%emt 0:08:19]} 23. Rad1 {[%emt 0:01:25]} Nc6 {[%emt 0:02:06]} 24. f3 {[%emt 0:02:44]} exf3 {[%emt 0:00:17]} 25. Bxf3 {[%emt 0:00:31]} Rae8 {[%emt 0:01:34]} 26. Qc3+ {[%emt 0:01:14]} Kh7 {[%emt 0:03:08]} 27. Nf4 {[%emt 0:01:35]} g5 {[%emt 0:08:03]} 28. Bxc6 {[%emt 0:00:48]} Qxc6 {[%emt 0:00:58]} 29. Nd5 {[%emt 0:00:08]} Kg6 {[%emt 0:01:39]} 30. Rde1 {[%emt 0:02:00]} Qc5+ {[%emt 0:00:06]} 31. Ne3 {[%emt 0:03:36] [#]} f4 $1 {[%emt 0:01:44]} 32. b4 {[%emt 0:04:02]} Qb6 {[%emt 0:03:42]} 33. gxf4 {[%emt 0:09:32]} gxf4 {[%emt 0:00:17]} 34. c5 {[%emt 0:00:05]} dxc5 {[%emt 0:00:49]} 35. bxc5 {[%emt 0:00:31]} Qe6 {[%emt 0:02:36]} 36. Ng2 {[%emt 0:02:16]} Qd5 {[%emt 0:06:59]} 37. Qc2+ {[%emt 0:01:31]} Kg7 {[%emt 0:00:08]} 38. Rxe8 {[%emt 0:00:54]} Rxe8 {[%emt 0:00:23]} 39. Rxf4 {[%emt 0:08:07]} Re1+ {[%emt 0:00:08]} 40. Rf1 {[%emt 0:00:06]} Qd4+ {[%emt 0:00:22]} 41. Qf2 {[%emt 0:00:08]} Rxf1+ {[%emt 0:00:21]} 42. Kxf1 {[%emt 0:00:09]} Qc4+ {[%emt 0:00:21]} 43. Kg1 {[%emt 0:00:32]} Qc1+ {[%emt 0:01:13]} 44. Ne1 {[%emt 0:00:30]} Qb1 {[%emt 0:02:48]} 45. Qg3+ {[%emt 0:02:43]} Kf8 {[%emt 0:00:07]} 46. Qc3 {[%emt 0:06:03]} Qe4 {[%emt 0:00:52]} 47. Qg3 {[%emt 0:07:29]} (47. Kf2 $16) 47... Bc6 {[%emt 0:00:31]} 48. h4 {[%emt 0:00:53]} Ke8 $16 {[%emt 0:01:13]} 49. Nd3 {[%emt 0:01:56]} Qd4+ {[%emt 0:00:36]} 50. Kh2 {[%emt 0:00:13]} Qc4 {[%emt 0:00:47]} 51. Qg6+ {[%emt 0:01:53]} Kf8 {[%emt 0:00:10]} 52. Qxc6 {[%emt 0:01:44]} Qxh4+ {[%emt 0:00:04]} 53. Kg2 {[%emt 0:00:16]} Qg4+ {[%emt 0:00:48]} 54. Kf2 {[%emt 0:00:16]} Qh4+ {[%emt 0:00:05]} 55. Ke3 {[%emt 0:00:23]} Qg5+ {[%emt 0:00:23]} 56. Kd4 {[%emt 0:02:49]} Qg1+ {[%emt 0:00:44]} 57. Kc4 {[%emt 0:00:25]} Qg4+ {[%emt 0:01:00]} 58. Kc3 {[%emt 0:00:38]} Qg7+ {[%emt 0:00:16]} 59. Kc2 {[%emt 0:00:13]} Qa1 {[%emt 0:00:38]} 60. Qd6+ {[%emt 0:00:32]} Kg8 {[%emt 0:00:05]} 61. Qd5+ {[%emt 0:00:12]} Kh7 {[%emt 0:00:09]} 62. c6 {[%emt 0:00:22]} 1-0

[Event "Satka Autumn 2017"]
[Site "Satka"]
[Date "2017.09.14"]
[Round "3"]
[White "Surovtseva, Alisa"]
[Black "Nasyrova, Ekaterina"]
[Result "0-1"]
[WhiteElo "1623"]
[BlackElo "2017"]
[Annotator "NA RC"]
[PlyCount "96"]
[EventDate "2017.??.??"]
[EventType "swiss"]
[EventCountry "RUS"]
[SourceTitle "playchess.com"]
[Source "ChessBase"]
[SourceQuality "1"]
[TimeControl "5400+30"]

{[%evp 8,74,20,21,9,11,24,7,35,17,36,21,48,18,32767,14,20,32767,32767,32767,-31,-22,-4,-5,-4,-17,0,-4,-10,32767,32767,32767,32767,32767,-181,-165,-161,-181,-144,32767,32767,32767,32767,32767,32767,-164,-169,32767,32767,32767,-157,32767,32767,32767,32767,32767,32767,-305,32767,-297,-307,-308,-378,-323,-409,-435,-347,-324,-497]} 1. e4 {[%emt 0:00:00]} e5 {[%emt 0:00:16]} 2. Nf3 {[%emt 0:00:00]} Nc6 {[%emt 0:00:14]} 3. Nc3 {[%emt 0:00:00]} Nf6 {[%emt 0:00:15]} 4. Bb5 {[%emt 0:00:00]} Bd6 {[%emt 0:00:18]} 5. O-O {[%emt 0:00:00]} O-O {[%emt 0:01:16]} 6. d3 {[%emt 0:00:11]} h6 {[%emt 0:00:38]} 7. a3 {[%emt 0:00:24]} a6 {[%emt 0:00:54]} 8. Ba4 {[%emt 0:00:25]} b5 {[%emt 0:00:27]} 9. Bb3 {[%emt 0:00:20]} Bb7 {[%emt 0:06:07]} 10. Ne2 {[%emt 0:05:54] C78: Ruy Lopez: Archangelsk and Möller Defences} (10. Nd5 Re8 11. Bd2 Nd4 12. Nxd4 exd4 13. Qf3 Nxd5 14. exd5 Qh4 15. g3 Qh3 16. Rae1 Re5 17. Rxe5 Bxe5 {½-½ (59) Grandelius,N (2623)-Fressinet,L (2712) Oslo 2015}) 10... Re8 {[%emt 0:11:58]} 11. Ng3 {[%emt 0:04:08]} Bf8 {[%emt 0:08:19] LiveBook: 11 Games} 12. Bd2 {[%emt 0:22:15]} d5 {[%emt 0:08:44]} 13. Bc3 {[%emt 0:04:14]} dxe4 $146 {[%emt 0:09:04]} ({Find the theoretical novelty and annotate with similar games:} 13... Qd7 14. Re1 d4 15. Bd2 Nd8 16. Nh4 Ne6 17. Rf1 Nf4 18. Bxf4 exf4 {1-0 (29) Ruiz Sanchez,O (2381)-Arencibia Rodriguez,W (2500) Havana 2010}) 14. dxe4 {[%emt 0:01:48]} Nd4 {[%emt 0:01:13]} 15. Nxd4 {[%emt 0:08:21]} exd4 {[%emt 0:00:14]} 16. Qxd4 {[%emt 0:01:09]} Qxd4 {[%emt 0:04:09]} 17. Bxd4 {[%emt 0:00:05]} Nxe4 {[%emt 0:00:09]} 18. Nxe4 {[%emt 0:01:39]} Bxe4 {[%emt 0:01:23]} 19. Rad1 {[%emt 0:01:58]} c5 {[%emt 0:01:04]} 20. Be3 {[%emt 0:04:29]} c4 {[%emt 0:00:14]} 21. Ba2 {[%emt 0:00:13]} Bxc2 {[%emt 0:00:22]} 22. Rd2 {[%emt 0:01:03]} Bf5 {[%emt 0:02:55]} 23. Bb1 {[%emt 0:04:32]} Bxb1 {[%emt 0:02:53]} 24. Rxb1 {[%emt 0:00:07]} Rad8 {[%emt 0:00:15]} 25. Rbd1 {[%emt 0:00:48]} Rxd2 {[%emt 0:00:28]} 26. Bxd2 {[%emt 0:01:47]} Rd8 {[%emt 0:00:45]} 27. Kf1 {[%emt 0:00:29]} Be7 {[%emt 0:01:16]} 28. Ke2 {[%emt 0:00:42]} Bf6 {[%emt 0:00:22]} 29. Rb1 {[%emt 0:00:41]} Rd3 {[%emt 0:00:55]} 30. a4 {[%emt 0:02:27]} Rb3 {[%emt 0:00:16]} 31. axb5 {[%emt 0:01:49]} axb5 {[%emt 0:00:11]} 32. Bc1 {[%emt 0:00:28]} c3 {[%emt 0:00:23]} 33. Kd1 {[%emt 0:01:25]} cxb2 {[%emt 0:00:32]} 34. Bd2 {[%emt 0:01:15]} Ra3 {[%emt 0:01:16]} 35. Kc2 {[%emt 0:00:38]} Ra1 {[%emt 0:00:32]} 36. Bb4 {[%emt 0:00:33]} Kh7 {[%emt 0:00:18]} 37. Bd2 $19 {[%emt 0:01:03]} Kg6 {[%emt 0:00:12]} 38. g4 {[%emt 0:00:55]} Bd4 {[%emt 0:01:04]} 39. f4 {[%emt 0:00:34]} Kf6 {[%emt 0:00:48]} 40. h4 {[%emt 0:00:29]} Ke6 {[%emt 0:01:06]} 41. h5 {[%emt 0:00:54]} Kd5 {[%emt 0:00:23]} 42. g5 {[%emt 0:00:59]} Kc4 {[%emt 0:00:47]} 43. g6 {[%emt 0:03:07]} fxg6 {[%emt 0:00:45]} 44. hxg6 {[%emt 0:00:32]} b4 {[%emt 0:03:03]} 45. Rxb2 {[%emt 0:00:15]} b3+ {[%emt 0:00:12]} 46. Rxb3 {[%emt 0:00:08]} Ra2+ {[%emt 0:00:06]} 47. Kb1 {[%emt 0:05:01]} Kxb3 {[%emt 0:00:11]} 48. f5 {[%emt 0:00:40]} Ra1# {[%emt 0:00:09]} 0-1